000 00475cam a2200181ua 4500
001 10294
008 180314n ii |||gr||||Z||||||eng
020 _a9789352606146
040 _cMAIN
082 _a330.954
100 _aSingh, Ramesh,
_eAuthor.
245 _aIndian economy :
_bfor civil services examination /
_cBy Ramesh Singh .
250 _a9th ed.
260 _aChennai:
_bMcGraw hill education,
_c2017.
300 _a26.11p.
653 _aEconomics
942 _cBK
999 _c9289
_d9289